000 00392 a2200157 4500
999 _c12873
_d12873
003 OSt
005 20240729132302.0
008 240729b ||||| |||| 00| 0 eng d
020 _a9782888930334
082 _a[741.672]
100 _aLawrence Zeegen
245 _aWhat is Illustration? (Essential Design Handbook)
260 _bRockport Publishers;
_c2009
300 _a256p;
942 _2ddc